00365nam a2200157Ia 4500008004100000020001500041041001200056082001600068100002100084245003200105250000800137260002500145300000900170650001400179700001400193221030s9999 xx 000 0 und d a817884060X aEnglish a105.23bRam aR. Ramakrishanan 0aDatabase Management Systems a3rd bTMHaNew Delhic2003 a1065 aComputers aJ. Gehrke